<?xml version="1.0" encoding="UTF-8"?>
<collection xmlns="http://www.loc.gov/MARC21/slim">
 <record>
  <leader>01908nam a22002897a 4500</leader>
  <controlfield tag="001">NCT_48748</controlfield>
  <controlfield tag="008">180908b        xxu||||| |||| 00| 0 vie d</controlfield>
  <datafield tag="999" ind1=" " ind2=" ">
   <subfield code="c">2333</subfield>
   <subfield code="d">2333</subfield>
  </datafield>
  <datafield tag="020" ind1=" " ind2=" ">
   <subfield code="a">9786049501821</subfield>
   <subfield code="c">60000</subfield>
  </datafield>
  <datafield tag="082" ind1="0" ind2="4">
   <subfield code="2">23rd ed.</subfield>
   <subfield code="a">333.88</subfield>
   <subfield code="b">L308</subfield>
  </datafield>
  <datafield tag="100" ind1="1" ind2=" ">
   <subfield code="a">Ông Sư Liệt</subfield>
   <subfield code="e">Chủ biên</subfield>
  </datafield>
  <datafield tag="245" ind1="1" ind2="0">
   <subfield code="a">Năng lượng địa nhiệt và băng cháy</subfield>
   <subfield code="c">Ông Sư Liệt (chủ biên); Lưu Doãn Lương (biên soạn)</subfield>
  </datafield>
  <datafield tag="260" ind1=" " ind2=" ">
   <subfield code="a">H.</subfield>
   <subfield code="b">Bách khoa Hà Nội</subfield>
   <subfield code="c">2017</subfield>
  </datafield>
  <datafield tag="300" ind1=" " ind2=" ">
   <subfield code="a">147 tr.</subfield>
   <subfield code="b">Hình vẽ, bảng</subfield>
   <subfield code="c">24cm</subfield>
  </datafield>
  <datafield tag="490" ind1=" " ind2=" ">
   <subfield code="a">Tủ sách : Nguồn năng lượng mới đang vẫy gọi</subfield>
  </datafield>
  <datafield tag="520" ind1="3" ind2=" ">
   <subfield code="a">Nội dung sách hệ thống những kiến thức cơ bản về địa nhiệt và băng cháy, tiến triển khai thác và sử dụng cũng như triển vọng khai thác chúng.</subfield>
  </datafield>
  <datafield tag="653" ind1=" " ind2=" ">
   <subfield code="a">Công nghệ kỹ thuật ô tô</subfield>
  </datafield>
  <datafield tag="700" ind1="1" ind2=" ">
   <subfield code="a">Lưu Doãn Lương</subfield>
   <subfield code="e">Biên soạn</subfield>
  </datafield>
  <datafield tag="700" ind1="1" ind2=" ">
   <subfield code="a">Tống Thị Quỳnh Hoa</subfield>
   <subfield code="e">Biên dich</subfield>
  </datafield>
  <datafield tag="700" ind1="1" ind2=" ">
   <subfield code="a">Đỗ Hữu Nhơn</subfield>
   <subfield code="e">h.đ.</subfield>
  </datafield>
  <datafield tag="942" ind1=" " ind2=" ">
   <subfield code="2">ddc</subfield>
   <subfield code="c">BK</subfield>
  </datafield>
  <datafield tag="952" ind1=" " ind2=" ">
   <subfield code="0">0</subfield>
   <subfield code="1">0</subfield>
   <subfield code="2">ddc</subfield>
   <subfield code="4">0</subfield>
   <subfield code="6">333_880000000000000_L308</subfield>
   <subfield code="7">0</subfield>
   <subfield code="9">13494</subfield>
   <subfield code="a">000001</subfield>
   <subfield code="b">000001</subfield>
   <subfield code="d">2018-09-08</subfield>
   <subfield code="o">333.88 L308</subfield>
   <subfield code="p">MD.13265</subfield>
   <subfield code="r">2018-09-08</subfield>
   <subfield code="v">60000.00</subfield>
   <subfield code="w">2018-09-08</subfield>
   <subfield code="y">BK</subfield>
  </datafield>
  <datafield tag="952" ind1=" " ind2=" ">
   <subfield code="0">0</subfield>
   <subfield code="1">0</subfield>
   <subfield code="2">ddc</subfield>
   <subfield code="4">0</subfield>
   <subfield code="6">333_880000000000000_L308</subfield>
   <subfield code="7">0</subfield>
   <subfield code="9">13495</subfield>
   <subfield code="a">000001</subfield>
   <subfield code="b">000001</subfield>
   <subfield code="d">2018-09-08</subfield>
   <subfield code="o">333.88 L308</subfield>
   <subfield code="p">MD.13266</subfield>
   <subfield code="r">2018-09-08</subfield>
   <subfield code="v">60000.00</subfield>
   <subfield code="w">2018-09-08</subfield>
   <subfield code="y">BK</subfield>
  </datafield>
  <datafield tag="952" ind1=" " ind2=" ">
   <subfield code="0">0</subfield>
   <subfield code="1">0</subfield>
   <subfield code="2">ddc</subfield>
   <subfield code="4">0</subfield>
   <subfield code="6">333_880000000000000_L308</subfield>
   <subfield code="7">0</subfield>
   <subfield code="9">13496</subfield>
   <subfield code="a">000001</subfield>
   <subfield code="b">000001</subfield>
   <subfield code="d">2018-09-08</subfield>
   <subfield code="o">333.88 L308</subfield>
   <subfield code="p">MD.13267</subfield>
   <subfield code="r">2018-09-08</subfield>
   <subfield code="v">60000.00</subfield>
   <subfield code="w">2018-09-08</subfield>
   <subfield code="y">BK</subfield>
  </datafield>
  <datafield tag="952" ind1=" " ind2=" ">
   <subfield code="0">0</subfield>
   <subfield code="1">0</subfield>
   <subfield code="2">ddc</subfield>
   <subfield code="4">0</subfield>
   <subfield code="6">333_880000000000000_L308</subfield>
   <subfield code="7">0</subfield>
   <subfield code="9">13497</subfield>
   <subfield code="a">000001</subfield>
   <subfield code="b">000001</subfield>
   <subfield code="d">2018-09-08</subfield>
   <subfield code="o">333.88 L308</subfield>
   <subfield code="p">MD.13268</subfield>
   <subfield code="r">2018-09-08</subfield>
   <subfield code="v">60000.00</subfield>
   <subfield code="w">2018-09-08</subfield>
   <subfield code="y">BK</subfield>
  </datafield>
  <datafield tag="952" ind1=" " ind2=" ">
   <subfield code="0">0</subfield>
   <subfield code="1">0</subfield>
   <subfield code="2">ddc</subfield>
   <subfield code="4">0</subfield>
   <subfield code="6">333_880000000000000_L308</subfield>
   <subfield code="7">0</subfield>
   <subfield code="9">13498</subfield>
   <subfield code="a">000001</subfield>
   <subfield code="b">000001</subfield>
   <subfield code="d">2018-09-08</subfield>
   <subfield code="o">333.88 L308</subfield>
   <subfield code="p">MD.13269</subfield>
   <subfield code="r">2018-09-08</subfield>
   <subfield code="v">60000.00</subfield>
   <subfield code="w">2018-09-08</subfield>
   <subfield code="y">BK</subfield>
  </datafield>
  <datafield tag="980" ind1=" " ind2=" ">
   <subfield code="a">Thư viện Trường Đại học Nam Cần Thơ</subfield>
  </datafield>
 </record>
</collection>
